История России #40: Перестройка - Statistics

General Stats
  • This quiz has been taken 16 times
    13 since last reset
  • The average score is 10 of 50
Answer Stats
Вопрос Ответ % Correct
Вывод войск СССР из Афганистана 1989
64%
Жена М.С. Горбачева (имя, отчества) Раиса Максимовна
55%
Начало "Перестройки" 1987
55%
Министр иностранных дел при М.С. Горбачеве, второй президент Грузии в 1995-2003 Э.А. Шеварнадзе
45%
Авария на Чернобыле (месяц, год) апрель 1986
45%
Падение Берлинской стены 1989
45%
"Бархатная революция" в Чехословакии 1989
45%
Объединение Германии 1990
45%
Процесс перевода государственной недвижимости в личную собственность. Приватизация
36%
Министр обороны 1987-1991, член ГКЧП, последний советский маршал, руководитель вывода войск с стран ОВД и Афганистана Д.Т. Язов
36%
Землетрясение в Армении 1988
36%
Уучреждение поста Президента СССР 1990
36%
Съезд народных депутатов, на котором Горбачева избрали президентом (цифра) 3
36%
Небольшое частное предприятие Кооператив
27%
Начало антиалкогольной кампании 1985
27%
Кампания по «борьбе с нетрудовыми доходами» 1986
27%
Создание Комиссии Политбюро по реабилитации жертв политических репрессий 1987
27%
Закон "О кооперации" 1988
27%
Инициатор "Перестройки", антиалкогольной кампании, чисток в номенклатуре Е.К. Лигачев
18%
Один из архитекторов "Перестройки", инициатор гласности А.Н. Яковлев
18%
Введение "госприемки" 1986
18%
XXVII съезд КПСС 1986
18%
Внедрение арендного подряда 1988
18%
I Съезд народных депута- тов СССР 1989
18%
Подготовка и обсуждение Программы «500 дней» 1990
18%
Приняты закон о печати в СССР, закон «О свободе совести и религиозных организациях» 1990
18%
Денежная реформа 1991
18%
Денежная реформа премьер-министра В.С. Павлова 1991
18%
Съезд КПСС на котором принят курс на "Ускорение" 27
18%
Программа перехода к «социалистическому рынку», политика, направленная на обновление советского государства и реформирование его экономической системы Перестройка
9%
Руководитель ликвидации аварии в Чернобыле, восстановительных работ после землетрясения в Армении Н.И. Рыжков
9%
Появление течений и альтернатив в разных сферах жизни, отличающихся от линии партии Плюрализм
9%
Закон «О государственном предприятии" 1988
9%
Первый коммерческий банк "Патент"
0%
На каком съезде выдвинули лозунг "демократизации" (цифра) 17
0%
«Августовский путч» ГКЧП (дни, месяц, год) 19-21 августа 1991
0%
Занятие Горбачевым должности генсека 1985-1991
0%
V съезд Союза кинематографистов СССР 1986
0%
Начало активного проведения политики гласности январь 1987
0%
Начало активного проведения политики гласности январь 1987
0%
XIX партийная конференция КПСС (месяцы, год) Июнь — июль 1988 г.
0%
III Съезд народных депутатов СССР (месяц, год) март 1990
0%
IV Съезд народных депутатов СССР (месяц, год) декабрь 1990
0%
Занятие Горбачевым должности президента 1990-1991
0%
Непринятая программа перехода плановой
экономики СССР на рыночную экономику в целях преодоления экономического кризиса 1990 года
Программа "500 дней"
0%
Корпорация или иное объединение, образованное некоторым числом юр. и физ. лиц, объединивших усилия с целью создания долгосрочного прибыльного бизнеса. Совместные предприятия (СП)
0%
Второе название Программы "500 дней" Программа Шаталина — Явлинского
0%
Знаменитые фильмы "Перестройки" Курьер, Асса, Игла, Интердевочка, Собачье сердце
0%
Съезд народных депутатов СССР, на котором М.С. Горбачева объявили президентом III
0%
Съезд народных депутатов СССР, на котором была отставка премьер-министра Н.И. Рыжкова IV
0%
No matching quizzes found
Score Distribution
Percent of People with Each Score
Percentile by Number Answered
Your Score History
You have not taken this quiz since the last reset